<?xml version="1.0" encoding="UTF-8"?><?xml-stylesheet type="text/xsl" href="static/style.xsl"?><OAI-PMH xmlns="http://www.openarchives.org/OAI/2.0/" xmlns:xsi="http://www.w3.org/2001/XMLSchema-instance" xsi:schemaLocation="http://www.openarchives.org/OAI/2.0/ http://www.openarchives.org/OAI/2.0/OAI-PMH.xsd"><responseDate>2026-04-29T12:25:15Z</responseDate><request verb="GetRecord" identifier="oai:repisalud.isciii.es:20.500.12105/26289" metadataPrefix="marc">https://repisalud.isciii.es/rest/oai/request</request><GetRecord><record><header><identifier>oai:repisalud.isciii.es:20.500.12105/26289</identifier><datestamp>2025-04-02T10:14:21Z</datestamp><setSpec>com_20.500.12105_2203</setSpec><setSpec>com_20.500.12105_2202</setSpec><setSpec>col_20.500.12105_19505</setSpec></header><metadata><record xmlns="http://www.loc.gov/MARC21/slim" xmlns:dcterms="http://purl.org/dc/terms/" xmlns:doc="http://www.lyncode.com/xoai" xmlns:xsi="http://www.w3.org/2001/XMLSchema-instance" xsi:schemaLocation="http://www.loc.gov/MARC21/slim http://www.loc.gov/standards/marcxml/schema/MARC21slim.xsd">
   <leader>00925njm 22002777a 4500</leader>
   <datafield ind2=" " ind1=" " tag="042">
      <subfield code="a">dc</subfield>
   </datafield>
   <datafield ind2=" " ind1=" " tag="720">
      <subfield code="a">Instituto de Salud Carlos III. Centro Nacional de Epidemiología</subfield>
      <subfield code="e">author</subfield>
   </datafield>
   <datafield ind2=" " ind1=" " tag="720">
      <subfield code="a">Instituto de Salud Carlos III. Centro Nacional de Microbiología</subfield>
      <subfield code="e">author</subfield>
   </datafield>
   <datafield ind2=" " ind1=" " tag="720">
      <subfield code="a">Grupo SiVIRA de vigilancia y efectividad vacunal en España</subfield>
      <subfield code="e">author</subfield>
   </datafield>
   <datafield ind2=" " ind1=" " tag="260">
      <subfield code="c">2025-01-26</subfield>
   </datafield>
   <datafield ind2=" " ind1=" " tag="520">
      <subfield code="a">A nivel sindrómico, la tasa de IRAs a nivel nacional es de 814,1 casos/100.000 habitantes (808,6 casos/100.000 habitantes en la semana previa), encontrándose desde la semana 39/2024 por encima del umbral epidémico y presentando desde entonces intensidad baja. La tasa de síndrome gripal es de 140,3 casos/100.000 habitantes (126,8 casos/100.000 habitantes en la semana previa), habiendo superado el umbral epidémico en la semana 52/2024 y constituyendo hasta el momento una epidemia de intensidad baja. La tasa de COVID-19 (síndrome) es de 7 casos/100.000 habitantes (7,5 casos/100.000 habitantes en la semana previa) y la de bronquitis y bronquiolitis en menores de 5 años de 315,8 casos/100.000 habitantes (263,8 casos/100.000 h en la semana previa). El porcentaje de positividad es de 48,7% para gripe (44,1% en la semana previa), 2,1% para SARS-CoV-2 (1,6% en la semana previa) y 6,2% para VRS (5,4% en la semana previa). El proxy de gripe (IRAs x positividad a gripe) estima una incidencia de gripe de 396,5 casos/100.000 habitantes (356,6 casos/100.000 habitantes en la semana previa). Los indicadores muestran un repunte en la incidencia de gripe, sobre todo en población pediátrica. El impacto en las hospitalizaciones y en la mortalidad total (modelo MoMo) es actualmente muy inferior al observado en la temporada anterior. La gripe más frecuente en casos en atención primaria fue del tipo B, y en casos hospitalizados del tipo A, continuando el incremento en la positividad a gripe A(H3) en ambos ámbitos. El proxy de COVID-19 (IRAs x positividad a COVID-19) estima una incidencia de COVID-19 de 17,1 casos/100.000 habitantes (12,9 casos/100.000 habitantes en la semana previa). El proxy de VRS (IRAs x positividad a VRS) estima una incidencia de VRS de 50,5 casos/100.000 habitantes (43,7 casos/100.000 habitantes en la semana previa).</subfield>
   </datafield>
   <datafield ind1="8" ind2=" " tag="024">
      <subfield code="a">Vigilancia centinela de Infección Respiratoria Aguda en Atención Primaria (IRAs) y en Hospitales (IRAG) en España. Gripe, COVID-19 y otros virus respiratorios. Semana 39/2024 (del 20 de enero al 26 de enero de 2025).</subfield>
   </datafield>
   <datafield ind1="8" ind2=" " tag="024">
      <subfield code="a">https://hdl.handle.net/20.500.12105/26289</subfield>
   </datafield>
   <datafield tag="653" ind2=" " ind1=" ">
      <subfield code="a">Gripe</subfield>
   </datafield>
   <datafield tag="653" ind2=" " ind1=" ">
      <subfield code="a">COVID-19</subfield>
   </datafield>
   <datafield tag="653" ind2=" " ind1=" ">
      <subfield code="a">VRS</subfield>
   </datafield>
   <datafield tag="653" ind2=" " ind1=" ">
      <subfield code="a">Virus respiratorio sincitial</subfield>
   </datafield>
   <datafield tag="653" ind2=" " ind1=" ">
      <subfield code="a">Vigilancia Epidemiológica</subfield>
   </datafield>
   <datafield ind2="0" ind1="0" tag="245">
      <subfield code="a">Vigilancia centinela de Infección Respiratoria Aguda en Atención Primaria (IRAs) y en Hospitales (IRAG) en España. Gripe, COVID-19 y otros virus respiratorios. Semana 04/2025 (del 20 de enero al 26 de enero de 2025).</subfield>
   </datafield>
</record></metadata></record></GetRecord></OAI-PMH>